00552 2200205 4500001002100000005001700021008004100038035002400079082001100103090001800114100002400132245007200156250001000228260002800238650003100266850001500297980001300312985000600325999001500331YOGYA-0209000004832920090227031932.0 ind  0010-020900000048329 a428.24 a428.24bPus M aPUSPA, Yan Pramadya aMari mengeja ABCD bahasa Inggeris sistim 36 jamcYan Pramadya Puspa aCet.1 aSemarangbAnekac(1998) aBahasa Inggris - Pelajaran aYOPDYOG(M) a07-11-07 a1 aP000009363